000 00329nam a2200121Ia 4500
008 191201s2008 xx 000 0 und d
100 _aGREENLAW, Raymond
245 0 _aInline/Online Fundamentals of the Internet and the World Wide Web
260 _aN.Delhi
_bTMH
_c2008
300 _a951
650 _aB.Tech(CSE)
942 _2ddc
_cBK
999 _c6387
_d6387